| 000 | 00418cam a2200193 4500 | ||
|---|---|---|---|
| 001 | D9226 | ||
| 008 | 090401t1961 xxu||||| |||| 00| 0 eng d | ||
| 035 | _a(Sirsi) u18186 | ||
| 041 | _aeng | ||
| 050 | _a526.9 | ||
| 100 | _aThomas, W Norman | ||
| 245 | _aSurveying | ||
| 250 | _a5th | ||
| 260 |
_aLondon _bEdward Arnold _c1961 |
||
| 300 | _aviii. 643p. 23cm | ||
| 350 | _a0 | ||
| 942 | _n0 | ||
| 948 | _c04/03/1997 | ||
| 999 |
_c87577 _d87577 |
||